| 000 | 01575cam a22003374a 4500 | ||
|---|---|---|---|
| 001 | 13650002 | ||
| 005 | 20060909133853.0 | ||
| 008 | 040709s2004 cauab 000 0 eng | ||
| 010 | _a 2004015047 | ||
| 020 | _a158948021X | ||
| 020 | _a9781589480216 | ||
| 040 |
_aDLC _cDLC _dDLC |
||
| 042 | _apcc | ||
| 050 | 0 | 0 |
_aG70.2 _b.A74 2004 |
| 082 | 0 | 0 |
_a005.74 _222 _bART |
| 100 | 1 |
_aArctur, David, _d1951- _921885 |
|
| 245 | 1 | 0 |
_aDesigning Geodatabases : _bCase Studies in GIS Data Modeling / _cDavid Arctur, Michael Zeiler. |
| 260 |
_aRedlands, Calif. : _bESRI Press, 2004 _cc2004. |
||
| 300 |
_a411 p. : _bcol. ill., col. map ; _c23 cm. |
||
| 650 | 0 |
_aGeographic information systems. _921886 |
|
| 650 | 0 |
_aInformation storage and retrieval systems _xGeography. _921887 |
|
| 650 | 0 |
_aDatabase design. _921888 |
|
| 650 | 0 |
_aDatabase management. _921889 |
|
| 700 | 1 |
_aZeiler, Michael. _921890 |
|
| 856 | 4 | 2 |
_3Publisher description _uhttp://www.loc.gov/catdir/description/ipg051/2004015047.html |
| 856 | 4 | 2 |
_3Contributor biographical information _uhttp://www.loc.gov/catdir/bios/ipg051/2004015047.html |
| 856 | 4 | 1 |
_3Table of contents _uhttp://www.loc.gov/catdir/toc/ecip0419/2004015047.html |
| 942 |
_2ddc _cBB |
||
| 999 |
_c14907 _d14907 |
||